La educación moral según Lawrence Kohlberg
I tiakina i:
| Ngā kaituhi matua: | , , |
|---|---|
| Hōputu: | Pukapuka |
| Reo: | Pāniora |
| I whakaputaina: |
Barcelona
Gedisa
1997
|
| Putanga: | 1a. ed |
| Rangatū: | Colección Debate Socioeducativo
|
| Ngā marau: | |
| Ngā Tūtohu: |
Tāpirihia he Tūtohu
Kāore He Tūtohu, Me noho koe te mea tuatahi ki te tūtohu i tēnei pūkete!
|
MARC
| LEADER | 00000cam a2200000 a 4500 | ||
|---|---|---|---|
| 001 | UCO6021 | ||
| 003 | CL-VaPUC | ||
| 008 | 000929e19970000SP |||||||||||||||||spa|d | ||
| 020 | |a 847432615X | ||
| 082 | 0 | 4 | |a 370.114 |b KOH |2 21 |
| 100 | |a Kohlberg, Lawrence |e author |9 509651 | ||
| 700 | 0 | |a Power, F. Clark |e author |9 450826 | |
| 700 | 0 | |a Higgins, Ann |e author |9 450827 | |
| 245 | 1 | 3 | |a La educación moral según Lawrence Kohlberg |
| 250 | |a 1a. ed | ||
| 300 | |a 355 p | ||
| 942 | |c BK | ||
| 945 | |d 20000929 00:00:00 |a vberengu | ||
| 260 | |a Barcelona |b Gedisa |c 1997 | ||
| 650 | 0 | |a Educación moral |9 308319 | |
| 650 | 7 | |a DESARROLLO MORAL |2 CL-VaPUC |9 310605 | |
| 650 | 0 | |a Psicología del desarrollo |9 307541 | |
| 650 | 0 | |a Ética |9 255099 | |
| 583 | |a last modification |c 20120619 03:55:58 |k Rodrigo Vera | ||
| 490 | 0 | |a Colección Debate Socioeducativo | |
| 999 | |c 291815 |d 291813 | ||
| 952 | |0 0 |1 0 |4 0 |6 370_114000000000000_KOH_1997 |7 0 |8 A |9 342025 |a BIBEDU |b BIBEDU |d 2019-11-20 |i 3648923 |l 5 |m 1 |o 370.114 KOH 1997 |p 3648923 |r 2022-12-09 |s 2022-11-24 |w 2019-11-20 |y BK |k BME | ||
| 952 | |0 0 |1 0 |4 0 |6 370_114000000000000_KOH_1997 |7 0 |8 A |9 342026 |a BIBTEO |b BIBTEO |d 2019-11-20 |i 4082702 |o 370.114 KOH 1997 |p 4082702 |r 2025-01-17 |w 2019-11-20 |y BK |k ICR | ||
| 952 | |0 0 |1 0 |4 0 |6 370_114000000000000_KOH_1997 |7 0 |8 A |9 342027 |a BIBEDU |b BIBEDU |d 2019-11-20 |i 4831268 |o 370.114 KOH 1997 |p 4831268 |r 2019-11-20 |w 2019-11-20 |y BK |k EPE | ||